000 00461nam a2200169Ia 4500
008 210815s9999||||xx |||||||||||||| ||und||
020 _a979-518-233-1
040 _aID-SmMUS
084 _a128-0116 IVE Gov Bo.
100 _aMc. Iver
245 0 _aJaring-Jaring Pemerintahan Jilid 2
250 _aKe-3
260 _aJakarta
_bRineka Cipta
_c1992
300 _ai-1 + 214 hlm
650 _aGovernment (Pemerintahan)
_eG-O-V
_vPola-Pola Pemerintahan
942 _cBK
999 _c1599
_d1599